|
|
|
|
| LEADER |
00740cam a2200181 7i4500 |
| 001 |
0000041221 |
| 005 |
20170218090000.0 |
| 020 |
|
|
|a 9781420088229 (hbk.)
|
| 090 |
0 |
0 |
|a HV553
|b .C67 2011
|
| 245 |
0 |
0 |
|a Community disaster recovery and resiliency :
|b exploring global opportunities and challenges
|c edited by DeMond Shondell Miller, Jason David Rivera.
|
| 260 |
|
|
|a Boca Raton, FL:
|b CRC Press,
|c 2011.
|
| 300 |
|
|
|a li, 582 p.:
|b ill.;
|c 25 cm.
|
| 650 |
0 |
0 |
|a Emergency management
|
| 650 |
0 |
0 |
|a Disaster relief --
|x Economic aspects
|
| 700 |
1 |
|
|a Miller, DeMond Shondell
|
| 700 |
1 |
|
|a Rivera, Jason David
|
| 997 |
|
|
|a Communication, Visual Art & Computing, Faculty
|b Computing, Department
|
| 999 |
|
|
|a 0000054219
|b BOK
|c OPEN SHELF
|e 1st Floor, Bestari Jaya
|